<?xml version="1.0" encoding="UTF-8"?>
<record
    xmlns:xsi="http://www.w3.org/2001/XMLSchema-instance"
    xsi:schemaLocation="http://www.loc.gov/MARC21/slim http://www.loc.gov/standards/marcxml/schema/MARC21slim.xsd"
    xmlns="http://www.loc.gov/MARC21/slim">

  <leader>04333cam a22003854i 4500</leader>
  <datafield tag="999" ind1=" " ind2=" ">
    <subfield code="c">362</subfield>
    <subfield code="d">362</subfield>
  </datafield>
  <controlfield tag="001">20755856</controlfield>
  <controlfield tag="003">OSt</controlfield>
  <controlfield tag="005">20251027105634.0</controlfield>
  <controlfield tag="008">181101s2020    enka     b    001 0 eng c</controlfield>
  <datafield tag="010" ind1=" " ind2=" ">
    <subfield code="a">  2018050783</subfield>
  </datafield>
  <datafield tag="020" ind1=" " ind2=" ">
    <subfield code="a">9781138495180 (pb : alk. paper)</subfield>
  </datafield>
  <datafield tag="040" ind1=" " ind2=" ">
    <subfield code="a">LBSOR/DLC</subfield>
    <subfield code="b">eng</subfield>
    <subfield code="c">LBSOR</subfield>
    <subfield code="e">rda</subfield>
    <subfield code="d">DLC</subfield>
  </datafield>
  <datafield tag="042" ind1=" " ind2=" ">
    <subfield code="a">pcc</subfield>
  </datafield>
  <datafield tag="050" ind1="0" ind2="0">
    <subfield code="a">LB1028.24</subfield>
    <subfield code="b">.I53 2020</subfield>
  </datafield>
  <datafield tag="082" ind1="0" ind2="0">
    <subfield code="a">370.72</subfield>
    <subfield code="b">I36 2020</subfield>
    <subfield code="2">23</subfield>
  </datafield>
  <datafield tag="100" ind1="1" ind2=" ">
    <subfield code="a">Ince, Amanda,</subfield>
    <subfield code="e">author.</subfield>
  </datafield>
  <datafield tag="245" ind1="1" ind2="2">
    <subfield code="a">A practical guide to action research and teacher enquiry :</subfield>
    <subfield code="b">making a difference in the early years /</subfield>
    <subfield code="c">Amanda Ince and Eleanor Kitto.</subfield>
  </datafield>
  <datafield tag="264" ind1=" " ind2="1">
    <subfield code="a">Abingdon, Oxon ;</subfield>
    <subfield code="a">New York, NY :</subfield>
    <subfield code="b">Routledge,</subfield>
    <subfield code="c">2020.</subfield>
  </datafield>
  <datafield tag="300" ind1=" " ind2=" ">
    <subfield code="a">x, 97 pages :</subfield>
    <subfield code="b">illustrations;</subfield>
    <subfield code="c">25 cm</subfield>
  </datafield>
  <datafield tag="336" ind1=" " ind2=" ">
    <subfield code="a">text</subfield>
    <subfield code="2">rdacontent</subfield>
  </datafield>
  <datafield tag="337" ind1=" " ind2=" ">
    <subfield code="a">unmediated</subfield>
    <subfield code="2">rdamedia</subfield>
  </datafield>
  <datafield tag="338" ind1=" " ind2=" ">
    <subfield code="a">volume</subfield>
    <subfield code="2">rdacarrier</subfield>
  </datafield>
  <datafield tag="504" ind1=" " ind2=" ">
    <subfield code="a">Includes bibliographical references and index.</subfield>
  </datafield>
  <datafield tag="505" ind1="0" ind2=" ">
    <subfield code="a">Foreword / by Dr. Guy Roberts-Holmes -- Aims and objectives -- Organisation of the text and how to use it -- Facilitated action research in the early years participant comments -- part I. Action research-theory and practice. What is action research? -- Why engage? -- part II. What is in it for me? Professional development-professional learning -- Team development -- Children's development -- Evidence-based practice -- Making the difference : planning your project with impact evolution -- Ethical considerations -- The phases of action research -- Identifying a focus-ask a question -- Collating information-check assumptions, investigate the reality -- Planning and implementing a change-innovate -- Evaluating impact -- Considering the future -- part III. The projects. Introduction -- Project 1: mindful yoga in a nursery school -- Project 2: developing the outdoor area to support early numeracy -- Project 3: storytelling -- Project 4: CPD policy -- Project 5: personal, social and emotional development at lnchtime -- Project 6: talking partners in primary -- Project 7: parental engagement -- Project 8: early writing -- Project 9: promoting a love of reading -- Project 10: 0-2 year old room.</subfield>
  </datafield>
  <datafield tag="520" ind1=" " ind2=" ">
    <subfield code="a">"This accessible guide will be an invaluable resource for early years practitioners looking to make a positive difference in their settings by using action research or teacher enquiry. Guiding readers through the practical steps, issues and potentials of conducting research in a variety of early childhood settings, the book will increase practitioners' confidence, enabling them to bridge the gap between recognising room for improvements, and instigating necessary changes. Divided into easy-to-follow sections, A Practical Guide to Action Research and Teacher Enquiry offers clear definitions and explanations of action research along with explanations of how it can be applied in early years settings to effectively and efficiently improve outcomes for children. Chapters outline a clear rationale for engaging in action research, highlight purposes and potentials of various approaches, and provide a helpful step-by-step discussion of the different stages of enquiry. Ten examples of best practice are used to clearly illustrate the action research cycle in a variety of settings, and in relation a range of topics and age ranges, thereby providing readers with a wealth of tried-and-tested ideas for application in their own settings and projects. These are supported by a range of downloadable resources which can be used as tools to support the planning, reflecting and evaluation of practitioners' research activities. Informative, inspiring and highly relevant to practice, A Practical Guide to Action Research and Teacher Enquiry will support and scaffold the research activities of early years practitioners, managers, and students"--</subfield>
    <subfield code="c">Provided by publisher.</subfield>
  </datafield>
  <datafield tag="650" ind1=" " ind2="0">
    <subfield code="a">Action research in education.</subfield>
  </datafield>
  <datafield tag="650" ind1=" " ind2="0">
    <subfield code="a">Inquiry-based learning.</subfield>
  </datafield>
  <datafield tag="650" ind1=" " ind2="0">
    <subfield code="a">Teachers</subfield>
    <subfield code="x">Training of.</subfield>
  </datafield>
  <datafield tag="650" ind1=" " ind2="0">
    <subfield code="a">Education</subfield>
    <subfield code="x">Research</subfield>
    <subfield code="x">Methodology.</subfield>
  </datafield>
  <datafield tag="700" ind1="1" ind2=" ">
    <subfield code="a">Kitto, Eleanor,</subfield>
    <subfield code="e">author.</subfield>
  </datafield>
  <datafield tag="776" ind1="0" ind2="8">
    <subfield code="i">Online version:</subfield>
    <subfield code="a">Ince, Amanda, author.</subfield>
    <subfield code="t">Practical guide to action research and teacher enquiry</subfield>
    <subfield code="d">Abingdon, Oxon ; New York, NY : Routledge, 2019</subfield>
    <subfield code="z">9781351024587</subfield>
    <subfield code="w">(DLC) 2019005890</subfield>
  </datafield>
  <datafield tag="906" ind1=" " ind2=" ">
    <subfield code="a">7</subfield>
    <subfield code="b">cbc</subfield>
    <subfield code="c">orignew</subfield>
    <subfield code="d">1</subfield>
    <subfield code="e">ecip</subfield>
    <subfield code="f">20</subfield>
    <subfield code="g">y-gencatlg</subfield>
  </datafield>
  <datafield tag="942" ind1=" " ind2=" ">
    <subfield code="2">ddc</subfield>
    <subfield code="c">CIR</subfield>
  </datafield>
  <datafield tag="952" ind1=" " ind2=" ">
    <subfield code="0">0</subfield>
    <subfield code="1">0</subfield>
    <subfield code="2">ddc</subfield>
    <subfield code="4">0</subfield>
    <subfield code="7">0</subfield>
    <subfield code="8">NFIC</subfield>
    <subfield code="a">GL</subfield>
    <subfield code="b">GL</subfield>
    <subfield code="c">CIR</subfield>
    <subfield code="d">2023-07-13</subfield>
    <subfield code="e">Purchased (Fastbooks)</subfield>
    <subfield code="g">2993.00</subfield>
    <subfield code="h">10235</subfield>
    <subfield code="l">0</subfield>
    <subfield code="o">370.72 I36 2020 c.2</subfield>
    <subfield code="p">10235</subfield>
    <subfield code="r">2023-07-13</subfield>
    <subfield code="w">2023-07-13</subfield>
    <subfield code="y">CIR</subfield>
  </datafield>
  <datafield tag="952" ind1=" " ind2=" ">
    <subfield code="0">0</subfield>
    <subfield code="1">0</subfield>
    <subfield code="2">ddc</subfield>
    <subfield code="4">0</subfield>
    <subfield code="7">0</subfield>
    <subfield code="8">NFIC</subfield>
    <subfield code="a">GL</subfield>
    <subfield code="b">GL</subfield>
    <subfield code="c">CIR</subfield>
    <subfield code="d">2023-07-13</subfield>
    <subfield code="e">Purchased (CD Books)</subfield>
    <subfield code="g">2594.00</subfield>
    <subfield code="h">10234</subfield>
    <subfield code="l">0</subfield>
    <subfield code="o">370.72 I36 2020 c.1</subfield>
    <subfield code="p">10234</subfield>
    <subfield code="r">2023-07-13</subfield>
    <subfield code="t">c.1</subfield>
    <subfield code="w">2023-07-13</subfield>
    <subfield code="y">CIR</subfield>
  </datafield>
</record>
